LEADER 00816nam0-2200313---450- 001 990009311800403321 005 20110718162630.0 010 $a88-85323-42-1 035 $a000931180 035 $aFED01000931180 035 $a(Aleph)000931180FED01 035 $a000931180 100 $a20110126d2005----km-y0itay50------ba 101 0 $aita 102 $aIT 105 $a--------001by 200 1 $aMedea$fLudovico Dolce 210 $aTorino$cEdizioni Res$d2005 215 $a130 p.$d20 cm 225 1 $aEcho$ecollezione di traduttori$v5 676 $a852.4 700 1$aDolce,$bLodovico$f<1508-1568>$082412 801 0$aIT$bUNINA$gRICA$2UNIMARC 901 $aBK 912 $a990009311800403321 952 $a858.4 DOLCE 1$bDip.f.m.13703$fFLFBC 959 $aFLFBC 996 $aMedea$9771780 997 $aUNINA LEADER 02013nam 2200385 n 450 001 996391257703316 005 20221108074146.0 035 $a(CKB)4940000000106210 035 $a(EEBO)2240884354 035 $a(UnM)99859108 035 $a(EXLCZ)994940000000106210 100 $a19850711d1649 uy | 101 0 $aeng 135 $aurbn||||a|bb| 200 10$aKing Charls his tryal at the High Court of Justice sitting in Westminster Hall: begun on Saturday, Jan. 20. Ended Jan. 27. 1648$b[electronic resource] $ealso, His Majesties speech on the scaffold immediately before his execution, on Tuesday, Ian. 30. Together with the several speeches of Duke Hamilton, the Earl of Holland, and the Lord Capel, immediately before their execution on Friday, March 9. 1649 205 $aThe second edition, much enlarged, and faithfully corrected. 210 $aLondon $cPrinted by J.M. for Peter Cole, Francis Tyton, and John Playford$d1650 [i.e. 1649] 215 $a136 p 300 $aHas separate dated title page after p. 83 (pagination and signatures are continuous): The several speeches of Duke Hamilton, Earl of Cambridg, Henry Earl of Holland, and Arthur Lord Capel, upon the scaffold. 300 $aThomason received his copy in November 1649. 300 $aAnnotation on Thomason copy: "Nou: 22 1649". 300 $aReproduction of the original in the British Library. 330 $aeebo-0018 607 $aGreat Britain$xHistory$yCharles I, 1625-1649$vEarly works to 1800 701 $aHolland$b Henry Rich$cEarl of,$f1590-1649.$01002122 701 $aHamilton$b James Hamilton$cDuke of,$f1606-1649.$01005102 701 $aCapel of Hadham$b Arthur Capel$f1610?-1649.$01013713 801 0$bCu-RivES 801 1$bCu-RivES 801 2$bCStRLIN 801 2$bWaOLN 906 $aBOOK 912 $a996391257703316 996 $aKing Charls his tryal at the High Court of Justice sitting in Westminster Hall: begun on Saturday, Jan. 20. Ended Jan. 27. 1648$92358587 997 $aUNISA